National Seminar On Consumer Protection In India Lessons Learnt And Future Challenges (Record no. 502698)

000 -LEADER
fixed length control field 00401cam a22001097a 4500
008 - FIXED-LENGTH DATA ELEMENTS--GENERAL INFORMATION
fixed length control field 180718b xxu||||| |||| 00| 0 eng d
082 ## - DEWEY DECIMAL CLASSIFICATION NUMBER
Classification number T344x54 In2n
245 ## - TITLE STATEMENT
Title National Seminar On Consumer Protection In India Lessons Learnt And Future Challenges
Statement of responsibility, etc. Centre for Consumer Studies
260 ## - PUBLICATION, DISTRIBUTION, ETC.
Place of publication, distribution, etc. New Delhi
Name of publisher, distributor, etc. Indian Institute of Public Administration
Date of publication, distribution, etc.
300 ## - PHYSICAL DESCRIPTION
Extent 89p.
650 ## - SUBJECT ADDED ENTRY--TOPICAL TERM
Topical term or geographic name entry element Consumer Protection - India
Holdings
Withdrawn status Lost status Damaged status Not for loan Permanent Location Current Location Date acquired Full call number Barcode Date last seen Price effective from Koha item type Source of classification or shelving scheme
        Indian Institute of Public Administration Indian Institute of Public Administration 2018-08-04 T344x54 In2n GR18991 2018-08-04 2018-08-04 GR  
        Indian Institute of Public Administration Indian Institute of Public Administration 2018-08-17 T344x54 In2n\c.2 GR19004 2018-08-17 2018-08-17 GR  

Powered by Koha